Ecuaciones diferenciales
Sparad:
| Huvudupphovsman: | |
|---|---|
| Materialtyp: | Bok |
| Språk: | spanska |
| Publicerad: |
Ciudad de México
McGraw-Hill
1991
|
| Serie: | Schaum
|
| Ämnen: | |
| Taggar: |
Lägg till en tagg
Inga taggar, Lägg till första taggen!
|
MARC
| LEADER | 00000nam a2200000 a 4500 | ||
|---|---|---|---|
| 001 | UCX9669 | ||
| 003 | CL-VaPUC | ||
| 008 | 940621e19910000MX |||||||||||||||||spa|d | ||
| 082 | 0 | 4 | |a 515.35 |b AYR |2 21 |
| 100 | 0 | |a Ayres, Frank |e author |9 327135 | |
| 245 | 1 | 0 | |a Ecuaciones diferenciales |
| 300 | |a 296 p | ||
| 942 | |c BK | ||
| 945 | |d 19940621 00:00:00 |a mfernand | ||
| 260 | |a Ciudad de México |b McGraw-Hill |c 1991 | ||
| 650 | 0 | |a Ecuaciones diferenciales |9 260083 | |
| 583 | |a last modification |c 19940621 00:00:00 |k Rodrigo Vera | ||
| 490 | 0 | |a Schaum | |
| 999 | |c 228845 |d 228843 | ||
| 952 | |0 0 |1 0 |2 ddc |4 0 |6 515_350000000000000_AYR_1991 |7 0 |8 A |9 229295 |a BIBING |b BIBING |c RES |d 2019-11-15 |i 2994542 |o 515.35 AYR 1991 |p 2994542 |r 2025-01-20 |w 2019-11-15 |y BK |k ING | ||
| 952 | |0 0 |1 0 |2 ddc |4 0 |6 515_350000000000000_AYR_1991 |7 0 |8 A |9 229296 |a BIBING |b BIBING |c RES |d 2019-11-15 |i 2994550 |o 515.35 AYR 1991 |p 2994550 |r 2025-01-20 |w 2019-11-15 |y BK |k ING | ||
| 952 | |0 0 |1 0 |2 ddc |4 0 |6 515_350000000000000_AYR_1991 |7 0 |8 A |9 229297 |a BIBING |b BIBING |c RES |d 2019-11-15 |i 2994569 |o 515.35 AYR 1991 |p 2994569 |r 2025-01-20 |w 2019-11-15 |y BK |k ING | ||
| 952 | |0 0 |1 0 |2 ddc |4 0 |6 515_350000000000000_AYR_1991 |7 0 |8 A |9 229298 |a BIBING |b BIBING |c RES |d 2019-11-15 |i 2994577 |o 515.35 AYR 1991 |p 2994577 |r 2025-01-20 |w 2019-11-15 |y BK |k ING | ||
| 952 | |0 0 |1 0 |4 0 |6 515_350000000000000_AYR_1991 |7 0 |8 A |9 229299 |a BIBCUR |b BIBCUR |d 2019-11-15 |i 3029069 |l 3 |o 515.35 AYR 1991 |p 3029069 |r 2025-04-22 |s 2024-05-10 |w 2019-11-15 |y BK |k BCB | ||
| 952 | |0 0 |1 0 |2 ddc |4 0 |6 515_350000000000000_AYR_1991 |7 0 |8 A |9 229300 |a BIBING |b BIBING |c RES |d 2019-11-15 |i 3466744 |o 515.35 AYR 1991 |p 3466744 |r 2025-01-20 |w 2019-11-15 |y BK |k ING | ||
| 952 | |0 0 |1 0 |2 ddc |4 0 |6 515_350000000000000_AYR_1991 |7 0 |8 A |9 229301 |a BIBING |b BIBING |c RES |d 2019-11-15 |i 3466752 |o 515.35 AYR 1991 |p 3466752 |r 2025-01-20 |w 2019-11-15 |y BK |k ING | ||
| 952 | |0 0 |1 0 |2 ddc |4 0 |6 515_350000000000000_AYR_1991 |7 0 |8 A |9 229302 |a BIBING |b BIBING |c RES |d 2019-11-15 |i 3466760 |o 515.35 AYR 1991 |p 3466760 |r 2025-01-20 |w 2019-11-15 |y BK |k ING | ||
| 952 | |0 0 |1 0 |2 ddc |4 0 |6 515_350000000000000_AYR_1991 |7 0 |8 A |9 229303 |a BIBING |b BIBING |c RES |d 2019-11-15 |i 3466779 |o 515.35 AYR 1991 |p 3466779 |r 2025-01-20 |w 2019-11-15 |y BK |k ING | ||
| 952 | |0 0 |1 0 |2 ddc |4 0 |6 515_350000000000000_AYR_1991 |7 0 |8 A |9 229304 |a BIBING |b BIBING |c RES |d 2019-11-15 |i 3466787 |o 515.35 AYR 1991 |p 3466787 |r 2025-01-20 |w 2019-11-15 |y BK |k ING | ||
| 952 | |0 0 |1 0 |2 ddc |4 0 |6 515_350000000000000_AYR_1991 |7 0 |8 A |9 229305 |a BIBING |b BIBING |c RES |d 2019-11-15 |i 3466795 |o 515.35 AYR 1991 |p 3466795 |r 2025-01-20 |w 2019-11-15 |y BK |k ING | ||
| 952 | |0 0 |1 0 |2 ddc |4 0 |6 515_350000000000000_AYR_1991 |7 0 |8 A |9 229308 |a BIBALI |b BIBALI |c GEN |d 2019-11-15 |i 3551261 |o 515.35 AYR 1991 |p 3551261 |r 2025-01-20 |w 2019-11-15 |y BK |k ALI | ||
| 952 | |0 0 |1 0 |2 ddc |4 0 |6 515_350000000000000_AYR_1991 |7 0 |8 A |9 229309 |a BIBCUR |b BIBCUR |d 2019-11-15 |i 355127K |l 16 |m 8 |o 515.35 AYR 1991 |p 355127K |r 2025-04-22 |s 2024-10-22 |w 2019-11-15 |y BK |k RNT | ||
| 952 | |0 0 |1 0 |2 ddc |4 0 |6 515_350000000000000_AYR_1991 |7 0 |8 A |9 229310 |a BIBCUR |b BIBCUR |d 2019-11-15 |i 3551288 |o 515.35 AYR 1991 |p 3551288 |r 2025-04-22 |w 2019-11-15 |y BK |k RNT | ||
| 952 | |0 0 |1 0 |2 ddc |4 0 |6 515_350000000000000_AYR_1991 |7 0 |8 A |9 229311 |a BIBALI |b BIBALI |c GEN |d 2019-11-15 |i 3551296 |o 515.35 AYR 1991 |p 3551296 |r 2025-01-20 |w 2019-11-15 |y BK |k ALI | ||
| 952 | |0 0 |1 0 |2 ddc |4 0 |6 515_350000000000000_AYR_1991 |7 0 |8 A |9 229312 |a BIBALI |b BIBALI |c GEN |d 2019-11-15 |i 355130K |o 515.35 AYR 1991 |p 355130K |r 2025-01-20 |w 2019-11-15 |y BK |k ALI | ||
| 952 | |0 0 |1 0 |2 ddc |4 0 |6 515_350000000000000_AYR_1991 |7 0 |8 A |9 229313 |a BIBALI |b BIBALI |c GEN |d 2019-11-15 |i 3551318 |o 515.35 AYR 1991 |p 3551318 |r 2025-01-20 |w 2019-11-15 |y BK |k ALI | ||
| 952 | |0 0 |1 0 |4 0 |6 515_350000000000000_AYR_1991 |7 0 |8 A |9 229314 |a BIBMAT |b BIBMAT |d 2019-11-15 |i 3622983 |o 515.35 AYR 1991 |p 3622983 |r 2025-01-07 |w 2019-11-15 |y BK |k MAT | ||
| 952 | |0 0 |1 0 |2 ddc |4 0 |6 515_350000000000000_AYR_1991 |7 0 |8 A |9 229315 |a BIBING |b BIBING |c RES |d 2019-11-15 |i 469189K |l 1 |o 515.35 AYR 1991 |p 469189K |r 2025-01-20 |s 2022-03-28 |w 2019-11-15 |y BK |k ING | ||